000 00462nam 22001693 4500
001 199525
090 _a199525
100 _a20251215d u||y0pory50 ba
200 _aArte de escrita
_esegundo caderno
_fJoão de Deus
210 _aLisboa
_cBertrand
_d[19--?]
215 _a20 p.
_cbrochado
_d18 cm
606 _91098
_aEducação
_xEnsino
675 _a37
_vPT
_zpor
700 _93941
_aDeus
_bJoão de
_f1830-1896
801 _aPT
_bBMMN
_gRPC
830 _cAna
_fAna
990 _cLIVROS